|
|
|
|
| LEADER |
00000nam0a2200000 4500 |
| 001 |
258091 |
| 005 |
20231101233249.0 |
| 035 |
|
|
|a (RuTPU)RU\TPU\book\280925
|
| 090 |
|
|
|a 258091
|
| 100 |
|
|
|a 20140422d1960 k y0rusy50 ca
|
| 101 |
0 |
|
|a rus
|
| 102 |
|
|
|a RU
|
| 105 |
|
|
|a a z 001zy
|
| 200 |
1 |
|
|a Термомагнитные явления в полупроводниках
|f И. М. Цидильковский
|
| 210 |
|
|
|a Москва
|c Физматгиз
|d 1960
|
| 215 |
|
|
|a 396 с.
|c ил.
|
| 225 |
1 |
|
|a Физика полупроводников и полупроводниковых приборов
|
| 320 |
|
|
|a Библиогр.: с. 390-396.
|
| 606 |
1 |
|
|a Полупроводники
|2 stltpush
|3 (RuTPU)RU\TPU\subj\50553
|9 69206
|
| 606 |
1 |
|
|a Проводниковые материалы
|2 stltpush
|3 (RuTPU)RU\TPU\subj\51759
|9 70324
|
| 610 |
1 |
|
|a термомагнитные явления
|
| 610 |
1 |
|
|a характеристики
|
| 610 |
1 |
|
|a теория
|
| 610 |
1 |
|
|a изотермические эффекты
|
| 610 |
1 |
|
|a адиабатические эффекты
|
| 610 |
1 |
|
|a экспериментальные исследования
|
| 610 |
1 |
|
|a теллур
|
| 610 |
1 |
|
|a индий
|
| 610 |
1 |
|
|a галлий
|
| 610 |
1 |
|
|a ртуть
|
| 610 |
1 |
|
|a висмут
|
| 610 |
1 |
|
|a медь
|
| 610 |
1 |
|
|a кадмий
|
| 610 |
1 |
|
|a цинк
|
| 610 |
1 |
|
|a соединения
|
| 610 |
1 |
|
|a окислы
|
| 675 |
|
|
|a 537.311.322
|v 3
|
| 675 |
|
|
|a 621.315.5
|v 3
|
| 700 |
|
1 |
|a Цидильковский
|b И. М.
|g Исаак Михайлович
|
| 801 |
|
1 |
|a RU
|b 63413507
|c 20140422
|
| 801 |
|
2 |
|a RU
|b 63413507
|c 20140508
|g RCR
|
| 942 |
|
|
|c BK
|